5HLuxD.jpg

KING HENRY VIII SENIOR AND PRIMARY SCHOOL LIBRARY OPAC

Mog and Bunny and other stories / (Record no. 1829)

000 -LEADER
fixed length control field 01376pam a2200385 i 4500
001 - CONTROL NUMBER
control field 016324551
003 - CONTROL NUMBER IDENTIFIER
control field Uk
005 - DATE AND TIME OF LATEST TRANSACTION
control field 20230202085536.0
008 - FIXED-LENGTH DATA ELEMENTS--GENERAL INFORMATION
fixed length control field 130411s2013 enka j |000 1|eng d
015 ## - NATIONAL BIBLIOGRAPHY NUMBER
National bibliography number GBB340764
Source bnb
016 7# - NATIONAL BIBLIOGRAPHIC AGENCY CONTROL NUMBER
Record control number 016324551
Source Uk
020 ## - INTERNATIONAL STANDARD BOOK NUMBER
International Standard Book Number 9780007528080 (paperback) :
040 ## - CATALOGING SOURCE
Original cataloging agency StDuBDS
Language of cataloging eng
Transcribing agency StDuBDS
Modifying agency Uk
-- KH8
Description conventions rda
042 ## - AUTHENTICATION CODE
Authentication code ukblsr
082 04 - DEWEY DECIMAL CLASSIFICATION NUMBER
Classification number 823.914 KER
Edition number 23
100 1# - MAIN ENTRY--PERSONAL NAME
Personal name Kerr, Judith,
Relator term author,
-- artist.
240 10 - UNIFORM TITLE
Uniform title Novels.
Form subheading Selections
245 10 - TITLE STATEMENT
Title Mog and Bunny and other stories /
Statement of responsibility, etc. written and illustrated by Judith Kerr.
264 #1 - PRODUCTION, PUBLICATION, DISTRIBUTION, MANUFACTURE, AND COPYRIGHT NOTICE
Place of production, publication, distribution, manufacture Hammersmith, London :
Name of producer, publisher, distributor, manufacturer HarperCollins Children's Books,
Date of production, publication, distribution, manufacture, or copyright notice 2013.
300 ## - PHYSICAL DESCRIPTION
Extent 102 unnumbered pages :
Other physical details chiefly illustrations (colour) ;
Dimensions 28 cm
336 ## - CONTENT TYPE
Content type term text
Source rdacontent
336 ## - CONTENT TYPE
Content type term still image
Source rdacontent
337 ## - MEDIA TYPE
Media type term unmediated
Source rdamedia
338 ## - CARRIER TYPE
Carrier type term volume
Source rdacarrier
500 ## - GENERAL NOTE
General note Formerly CIP.
Institution to which field applies Uk
505 0# - FORMATTED CONTENTS NOTE
Formatted contents note Mog and Bunny -- Mog and the V.E.T. -- Mog and the granny.
600 00 - SUBJECT ADDED ENTRY--PERSONAL NAME
Personal name Mog
Titles and other words associated with a name (Fictitious character from Kerr)
Form subdivision Pictorial works
-- Juvenile fiction.
650 #0 - SUBJECT ADDED ENTRY--TOPICAL TERM
Topical term or geographic name entry element Cats
Form subdivision Pictorial works
-- Juvenile fiction.
650 #0 - SUBJECT ADDED ENTRY--TOPICAL TERM
Topical term or geographic name entry element Children's stories, English.
700 12 - ADDED ENTRY--PERSONAL NAME
Personal name Kerr, Judith.
Title of a work Mog and Bunny.
700 12 - ADDED ENTRY--PERSONAL NAME
Personal name Kerr, Judith.
Title of a work Mog and the vee ve tee.
700 12 - ADDED ENTRY--PERSONAL NAME
Personal name Kerr, Judith.
Title of a work Mog and the granny.
740 02 - ADDED ENTRY--UNCONTROLLED RELATED/ANALYTICAL TITLE
Uncontrolled related/analytical title Mog and the V.E.T.
942 ## - ADDED ENTRY ELEMENTS (KOHA)
Source of classification or shelving scheme
Koha item type Books - Non Ficton
Holdings
Withdrawn status Lost status Source of classification or shelving scheme Damaged status Not for loan Collection code Permanent Location Current Location Shelving location Date acquired Total Checkouts Total Renewals Full call number Barcode Date last seen Date last checked out Price effective from Koha item type
          Non-Fiction KH8 Primary School Library KH8 Primary School Library Non Fiction 2023-02-02 17 1 823.914 KER KHPL000003578 2026-03-17 2026-03-10 2023-02-02 Books - Non Ficton

Powered By KH8 IT Dept